QUEST Central Library Banner

Pakistan the indentity of culture (Record no. 13233)

MARC details
000 -LEADER
fixed length control field 00243nam a22001097a 4500
082 ## - DEWEY DECIMAL CLASSIFICATION NUMBER
Classification number 954.7JAL
100 ## - MAIN ENTRY--AUTHOR NAME
Personal name Jalibi Jameel
245 ## - TITLE STATEMENT
Title Pakistan the indentity of culture
260 ## - PUBLICATION, DISTRIBUTION, ETC. (IMPRINT)
Place of publication Lahore
Name of publisher Islamic book
Year of publication 1984
300 ## - PHYSICAL DESCRIPTION
Number of Pages 211
942 ## - ADDED ENTRY ELEMENTS (KOHA)
Koha item type Books
Holdings
Withdrawn status Lost status Home library Current library Date acquired Cost, normal purchase price Full call number Accession Number Koha item type
    Reference Section Reference Section 22/04/2015 99.00 954.7JAL(Shelf - 98B) 9471 Books

Copyright © 2018,The QUEST, Nawabshah, Shaheed Benazirabad. All rights reserved
Mr. G. Farooq Channar (Librarian) QUEST, Nawabshah, Sindh, Pakistan 67480.
 Ph#: |   0244-9370381-4 Ext. 2308   Email| lib@quest.edu.pk   Web|  http://www.quest.edu.pk